Introduction to econometrics (Registro nro. 3757)

Detalles MARC
000 -LEADER
fixed length control field 01327 a2200253 4500
001 - CONTROL NUMBER
control field 43907
005 - DATE AND TIME OF LATEST TRANSACTION
control field 20260407155720.0
008 - FIXED-LENGTH DATA ELEMENTS--GENERAL INFORMATION
fixed length control field 260407a2009 arg spa d
003 - CONTROL NUMBER IDENTIFIER
control field AR-UNSa-BCEJYS
040 ## - CATALOGING SOURCE
Original cataloging agency AR-UNSa-BCEJYS
Language of cataloging spa
Transcribing agency AR-UNSa-BCEJYS
080 ## - UNIVERSAL DECIMAL CLASSIFICATION NUMBER
Universal Decimal Classification number 330.43
Common auxiliary subdivision Econometría
020 ## - INTERNATIONAL STANDARD BOOK NUMBER
International Standard Book Number 978-0-470-01512-4
041 ## - LANGUAGE CODE
Language code of text/sound track or separate title spa
100 1# - MAIN ENTRY--PERSONAL NAME
Personal name Maddala, G.S.
245 10 - TITLE STATEMENT
Title Introduction to econometrics
250 ## - EDITION STATEMENT
Edition statement 4a. ed.
264 #1 - PRODUCTION, PUBLICATION, DISTRIBUTION, MANUFACTURE, AND COPYRIGHT NOTICE
Place of production, publication, distribution, manufacture Fusionopolis :
Name of producer, publisher, distributor, manufacturer John Wiley & Sons
Date of production, publication, distribution, manufacture, or copyright notice 2009
300 ## - PHYSICAL DESCRIPTION
Extent xx, 634 p.
Dimensions 23 cm.
505 ## - FORMATTED CONTENTS NOTE
Formatted contents note 1. What is econometrics? - 2. Statistical background and matrix algebra - 3. Simple regression - 4. Multiple regression - 5. Hecteroskedasticity - 6. Autocorrelation - 7. Multicollinearity - 8. Dummy variables and truncated variables - 9. simultaneous equation models - 10. Diagnostic checking, model selection, and specification testing - 11. Errors in variables - 12. Introduction to time- series analysis - 13. Models of expectations and distributed lags - 14. Vector autoregresions, unit roots, and cointegration - 15. Panel data analysis - 16. Small- sample inference: resampling methods
590 ## - LOCAL NOTE (RLIN)
Local note niveau_biblio:m niveau_hierar:0
700 1# - ADDED ENTRY--PERSONAL NAME
Personal name Lahiri, Kajal
856 41 - ELECTRONIC LOCATION AND ACCESS
Uniform Resource Identifier <a href="https://biblioeco.unsa.edu.ar/pmb/images/libros/L126780.jpg">https://biblioeco.unsa.edu.ar/pmb/images/libros/L126780.jpg</a>
Link text Imagen de portada
Electronic format type image/jpeg
942 ## - ADDED ENTRY ELEMENTS (KOHA)
Koha item type
Existencias
Withdrawn status Lost status Damaged status Not for loan Home library Current library Shelving location Date acquired Total checkouts Full call number Barcode Date last seen Price effective from Koha item type
        Biblioteca Prof. Eusebio Cleto del Rey Biblioteca Prof. Eusebio Cleto del Rey   07/04/2026   330.43 M179 4ed. L126780 07/04/2026 07/04/2026 Libro